[Event "Lyon ECAM IM (Women)"]
[Site "Lyon"]
[Date "2023.04.12"]
[Round "3"]
[White "Doluhanova, Evgeniya"]
[Black "Rollot, Florence"]
[Result "1-0"]
[WhiteElo "2318"]
[BlackElo "2058"]
[PlyCount "87"]
[EventDate "2023.04.10"]
[EventType "tourn"]
[EventRounds "9"]
[EventCountry "FRA"]
[SourceTitle "EXT 2024"]
[Source "ChessBase"]
[SourceDate "2023.10.10"]
[SourceVersion "1"]
[SourceVersionDate "2023.10.10"]
[SourceQuality "1"]

1. c4 Nf6 2. d3 g6 3. e4 d6 4. f4 c5 5. Nf3 Nc6 6. Be2 Bg7 7. 0-0 0-0 8. Nc3 Bg4 9. h3 Bxf3 10. Bxf3 Rb8 11. Be3 Nd7 12. Qd2 a6 13. Rae1 Nd4 14. Bd1 b5 15. b3 Re8 16. Ne2 Nxe2+ 17. Rxe2 bxc4 18. dxc4 Nf6 19. Bc2 Qc7 20. Qe1 Rbd8 21. Bd2 Nd7 22. Ba5 Bd4+ 23. Kh1 Nb6 24. Qg3 e6 25. h4 Kg7 26. h5 Qb7 27. e5 d5 28. Qg5 f5 29. hxg6 hxg6 30. Qf6+ Kg8 31. Rf3 Rb8 32. Bxb6 dxc4 33. Qxg6+ Kf8 34. Rh3 Qg7 35. Qxg7+ Kxg7 36. Bc7 Rbc8 37. Bd6 cxb3 38. axb3 c4 39. b4 Rh8 40. Kh2 Rxh3+ 41. gxh3 Rc6 42. Rg2+ Kf7 43. Bd1 Ke8 44. Ba4 1-0

[Event "FRA-chT Top 16 GpB"]
[Site "Chartres"]
[Date "2022.06.11"]
[Round "3.4"]
[White "Ruhlmann, Helene"]
[Black "Rollot, Florence"]
[Result "0-1"]
[WhiteElo "1787"]
[BlackElo "2015"]
[PlyCount "56"]
[EventDate "2022.06.09"]
[EventType "team-tourn"]
[EventRounds "7"]
[EventCountry "FRA"]
[SourceTitle "CBM 208 Extra"]
[Source "ChessBase"]
[SourceDate "2022.07.31"]
[SourceVersion "1"]
[SourceVersionDate "2022.07.31"]
[SourceQuality "1"]
[WhiteTeam "Echiquier de l'Erdre"]
[BlackTeam "Lyon"]
[WhiteTeamCountry "FRA"]
[BlackTeamCountry "FRA"]

1. c4 Nf6 2. Nc3 c5 3. Nf3 g6 4. d4 cxd4 5. Nxd4 Bg7 6. e4 d6 7. Be2 Nc6 8. Be3 Bd7 9. 0-0 0-0 10. h3 Ne8 11. Nf3 h6 12. Qd2 Kh7 13. Rad1 Qa5 14. a3 Rc8 15. Qc1 Be6 16. b4 Qc7 17. Nd5 Qb8 18. Qd2 b6 19. Rc1 Qb7 20. Ne1 f5 21. exf5 Bxf5 22. Nf3 Nf6 23. b5 Na5 24. Qd1 Nxd5 25. Qxd5 Qxd5 26. cxd5 Be4 27. Rfd1 Bb2 28. Rxc8 Rxc8 0-1

[Event "FRA-chT Top 16 GpB"]
[Site "Chartres"]
[Date "2022.06.09"]
[Round "1.1"]
[White "Rollot, Florence"]
[Black "Navrotescu, Andreea Cristiana"]
[Result "0-1"]
[WhiteElo "2015"]
[BlackElo "2350"]
[PlyCount "114"]
[EventDate "2022.06.09"]
[EventType "team-tourn"]
[EventRounds "7"]
[EventCountry "FRA"]
[SourceTitle "CBM 208 Extra"]
[Source "ChessBase"]
[SourceDate "2022.07.31"]
[SourceVersion "1"]
[SourceVersionDate "2022.07.31"]
[SourceQuality "1"]
[WhiteTeam "Lyon"]
[BlackTeam "Mulhouse Philidor"]
[WhiteTeamCountry "FRA"]
[BlackTeamCountry "FRA"]

1. Nf3 d5 2. c4 c6 3. b3 Nf6 4. Bb2 e6 5. g3 Bd6 6. Bg2 Nbd7 7. 0-0 e5 8. d3 0-0 9. cxd5 cxd5 10. Nc3 a6 11. Qc2 Nb8 12. a3 Nc6 13. Rac1 Bg4 14. Na4 Rc8 15. Qd1 Qe7 16. b4 a5 17. Nb6 Rcd8 18. b5 Nd4 19. Nxd4 exd4 20. f3 Be6 21. Qb3 Bc5 22. Na4 b6 23. Rc2 h5 24. h4 Nd7 25. Bc1 Bd6 26. Kf2 Nc5 27. Nxc5 bxc5 28. Qa4 Qc7 29. f4 c4 30. Bf3 Qb6 31. Kg2 g6 32. Rd1 Rc8 33. Bb2 Bc5 34. Rdc1 Rfd8 35. Ba1 Rb8 36. Rb2 Qd6 37. Ra2 Bb6 38. Qd1 c3 39. a4 Rbc8 40. Qe1 Bf5 41. Qd1 Kh7 42. Qb3 Qe6 43. Rac2 Rc7 44. Qa2 Re7 45. Kh2 Bg4 46. Rf1 Bc7 47. Qa3 Bd6 48. Qa2 Bxf3 49. Rxf3 Rde8 50. Qb1 Qxe2+ 51. Rxe2 Rxe2+ 52. Kh3 Re1 53. Qb3 R8e2 54. Rf2 Rxf2 55. Qxd5 Ree2 56. Qxf7+ Kh6 57. g4 Re3# 0-1

[Event "FRA-ch U20"]
[Site "Agen"]
[Date "2021.10.30"]
[Round "8.1"]
[White "Rollot, Florence"]
[Black "Travadon, Loic"]
[Result "0-1"]
[WhiteElo "1973"]
[BlackElo "2414"]
[PlyCount "84"]
[EventDate "2021.10.25"]
[EventType "swiss"]
[EventRounds "9"]
[EventCountry "FRA"]
[SourceTitle "EXT 2023"]
[Source "ChessBase"]
[SourceDate "2022.10.05"]
[SourceVersion "1"]
[SourceVersionDate "2022.10.05"]
[SourceQuality "1"]

1. Nf3 g6 2. c4 Bg7 3. g3 b6 4. Bg2 Bb7 5. Nc3 Nf6 6. d3 0-0 7. 0-0 e6 8. Bf4 d5 9. Qc1 c5 10. Rb1 Nc6 11. Ne5 Ne7 12. Bh6 Bxh6 13. Qxh6 Nf5 14. Qd2 Qc7 15. f4 Rad8 16. cxd5 exd5 17. g4 Nh4 18. Bh1 d4 19. Ne4 Nxe4 20. dxe4 f6 21. Nc4 b5 22. Na5 Bc8 23. Nb3 g5 24. fxg5 c4 25. Nxd4 Qd7 26. e3 Qxg4+ 27. Bg2 Qxg5 28. Kh1 Rxd4 29. Qf2 Rdd8 30. Rg1 Ng6 31. Bh3 Bxh3 32. Rxg5 fxg5 33. Qe2 Rd7 34. Qh5 g4 35. Qxb5 Rdf7 36. Qxc4 Kg7 37. Kg1 Ne5 38. Qb5 Rf1+ 39. Rxf1 Rxf1+ 40. Qxf1 Bxf1 41. Kxf1 h5 42. b4 h4 0-1

[Event "FRA-ch U20"]
[Site "Agen"]
[Date "2021.10.28"]
[Round "6.7"]
[White "Bellahcene, Meriem"]
[Black "Rollot, Florence"]
[Result "0-1"]
[WhiteElo "1928"]
[BlackElo "1973"]
[PlyCount "44"]
[EventDate "2021.10.25"]
[EventType "swiss"]
[EventRounds "9"]
[EventCountry "FRA"]
[SourceTitle "EXT 2023"]
[Source "ChessBase"]
[SourceDate "2022.10.05"]
[SourceVersion "1"]
[SourceVersionDate "2022.10.05"]
[SourceQuality "1"]

1. e4 e6 2. d4 d5 3. e5 c5 4. c3 Nc6 5. Nf3 Bd7 6. a3 f6 7. b4 c4 8. Be2 fxe5 9. Nxe5 Nxe5 10. dxe5 Qc7 11. Qd4 Ne7 12. f4 a5 13. Bb2 Nf5 14. Qf2 Be7 15. 0-0 0-0 16. Bg4 Kh8 17. Bxf5 Rxf5 18. Qd4 Bd8 19. Nd2 Qc6 20. Nxc4 Qxc4 21. Qd2 Bb6+ 22. Kh1 Raf8 0-1

[Event "Online Olym Div Top-B"]
[Site "Chess.com INT"]
[Date "2021.09.08"]
[Round "2.3"]
[White "Vaishali, Ramesh Babu"]
[Black "Rollot, Florence"]
[Result "1-0"]
[WhiteElo "2414"]
[BlackElo "1973"]
[PlyCount "61"]
[EventDate "2021.09.08"]
[EventType "team (rapid)"]
[EventRounds "9"]
[EventCountry "USA"]
[SourceTitle "CBM 204 Extra"]
[Source "ChessBase"]
[SourceDate "2021.11.30"]
[SourceVersion "1"]
[SourceVersionDate "2021.11.30"]
[SourceQuality "1"]
[WhiteTeam "India"]
[BlackTeam "France"]
[WhiteTeamCountry "IND"]
[BlackTeamCountry "FRA"]

1. d4 Nf6 2. Bf4 c5 3. e3 g6 4. Nf3 Bg7 5. Nc3 b6 6. Qd2 d6 7. 0-0-0 Nbd7 8. e4 cxd4 9. Nxd4 Nc5 10. f3 a6 11. Bh6 0-0 12. h4 b5 13. h5 Bb7 14. hxg6 fxg6 15. Bxg7 Kxg7 16. Qh6+ Kg8 17. e5 dxe5 18. Nf5 gxf5 19. Rxd8 Raxd8 20. Qg5+ Kh8 21. Qxf5 Rd7 22. b4 Na4 23. Nxa4 bxa4 24. Rxh7+ Nxh7 25. Qxd7 Bc8 26. Qxe7 Rf6 27. Qe8+ Rf8 28. Qxe5+ Nf6 29. g4 Kg8 30. Bc4+ Kh7 31. Qe7+ 1-0

[Event "Trophee Roza Lallemand Online"]
[Site "Tornelo INT"]
[Date "2020.12.13"]
[Round "1"]
[White "Rollot, Florence"]
[Black "Schebacher, Solene"]
[Result "1-0"]
[WhiteElo "1973"]
[BlackElo "1859"]
[PlyCount "97"]
[EventDate "2020.12.13"]
[EventType "swiss (rapid)"]
[EventRounds "9"]
[EventCountry "USA"]
[SourceTitle "EXT 2022"]
[Source "ChessBase"]
[SourceDate "2021.10.06"]
[SourceVersion "1"]
[SourceVersionDate "2021.10.06"]
[SourceQuality "1"]

1. Nf3 c5 2. c4 Nc6 3. Nc3 g6 4. g3 Bg7 5. Bg2 d6 6. 0-0 Bd7 7. a3 Nf6 8. Rb1 Qa5 9. d3 0-0 10. Bd2 Qc7 11. b4 b6 12. b5 Nd8 13. a4 Nb7 14. Bg5 Rae8 15. Qd2 Bc8 16. Bh6 Nd8 17. Bxg7 Kxg7 18. Ra1 Bb7 19. Nd1 Ne6 20. a5 d5 21. a6 Ba8 22. Qb2 Rd8 23. Ne3 dxc4 24. dxc4 Nd4 25. Rad1 Nxf3+ 26. Bxf3 Bxf3 27. exf3 Rxd1 28. Rxd1 Rd8 29. Nd5 Qd6 30. Re1 Rd7 31. Kg2 Kf8 32. Nxf6 exf6 33. Re4 Re7 34. Qe2 Qd7 35. Qe3 Qd6 36. Qh6+ Kg8 37. Qe3 Kf8 38. Rxe7 Qxe7 39. Qe4 Qxe4 40. fxe4 Ke7 41. Kf3 g5 42. Kg4 Ke6 43. f4 h6 44. Kh5 f5 45. e5 f6 46. exf6 Kxf6 47. Kxh6 g4 48. Kh5 Ke7 49. Kg6 1-0

[Event "Online Olym Div Top-B"]
[Site "Chess.com INT"]
[Date "2020.08.22"]
[Round "5.6"]
[White "Rollot, Florence"]
[Black "Kamalidenova, Meruert"]
[Result "0-1"]
[WhiteElo "1973"]
[BlackElo "2231"]
[PlyCount "114"]
[EventDate "2020.08.21"]
[EventType "team-tourn (rapid)"]
[EventRounds "9"]
[EventCountry "USA"]
[SourceTitle "CBM 198"]
[Source "ChessBase"]
[SourceDate "2020.10.31"]
[SourceVersion "1"]
[SourceVersionDate "2020.10.31"]
[SourceQuality "1"]
[WhiteTeam "France"]
[BlackTeam "Kazakhstan"]
[WhiteTeamCountry "FRA"]
[BlackTeamCountry "KAZ"]

1. Nf3 Nf6 2. c4 g6 3. Nc3 Bg7 4. g3 0-0 5. Bg2 c6 6. 0-0 d5 7. cxd5 cxd5 8. d4 Ne4 9. Qb3 Nc6 10. Rd1 Nxc3 11. bxc3 Na5 12. Qb4 b6 13. Bg5 Re8 14. Rac1 Ba6 15. Re1 h6 16. Bf4 Rc8 17. Ne5 g5 18. Be3 f6 19. Nd3 e6 20. Qa4 Qd6 21. Nb4 Bc4 22. Qc2 Qe7 23. f4 Bf8 24. f5 Nc6 25. Nxc6 Rxc6 26. Bf2 Kg7 27. e4 dxe4 28. Bxe4 Rd6 29. Bf3 Qd7 30. Bh5 Re7 31. fxe6 Rdxe6 32. Qg6+ Kh8 33. Rxe6 Qxe6 34. Re1 Qd6 35. Bg4 Rxe1+ 36. Bxe1 Qe7 37. Bd2 Bf7 38. Qf5 Kg7 39. h4 Bxa2 40. hxg5 hxg5 41. Bd1 Qe6 42. Qd3 Bc4 43. Qf3 Bd5 44. Qh5 Qe4 45. Qh3 Be6 46. Qf1 Bd6 47. Bf3 Qf5 48. Be1 Bd5 49. Kg2 Qc2+ 50. Kg1 Be4 51. Be2 Bg6 52. Qf3 Qe4 53. Qf1 Qe3+ 54. Kg2 Be4+ 55. Bf3 Bxf3+ 56. Qxf3 Qxe1 57. Qb7+ Qe7 0-1

[Event "FRA-ch U18 Girls"]
[Site "Hyeres"]
[Date "2019.04.19"]
[Round "7"]
[White "Rollot, Florence"]
[Black "Bellahcene, Meriem"]
[Result "0-1"]
[WhiteElo "1975"]
[BlackElo "1883"]
[PlyCount "70"]
[EventDate "2019.04.14"]
[EventType "swiss"]
[EventRounds "9"]
[EventCountry "FRA"]
[SourceTitle "CBM 190 Extra"]
[Source "ChessBase"]
[SourceDate "2019.07.15"]
[SourceVersion "1"]
[SourceVersionDate "2019.07.15"]
[SourceQuality "1"]

1. d4 d5 2. Nc3 e6 3. Bf4 c6 4. e3 Nf6 5. Bd3 Be7 6. Nf3 Nbd7 7. 0-0 0-0 8. h3 a6 9. Ne5 c5 10. Nxd7 Nxd7 11. dxc5 Nxc5 12. Rb1 Nxd3 13. Qxd3 b5 14. a3 Bb7 15. Rfd1 Qb6 16. Be5 Qc6 17. f3 Rac8 18. Bd4 f6 19. e4 dxe4 20. Qxe4 Qxe4 21. fxe4 Rfd8 22. Bf2 Kf7 23. Be1 e5 24. b4 Rd4 25. Kf2 Rcd8 26. Ke3 f5 27. exf5 Bxg2 28. h4 Bh3 29. Bg3 Bxf5 30. Rf1 Ke6 31. Rf2 Bxh4 32. Bxh4 Rxh4 33. Rb3 Rh3+ 34. Rf3 Rxf3+ 35. Kxf3 Bxc2 0-1

[Event "Angouleme Lallemand Memorial op"]
[Site "Angouleme"]
[Date "2018.06.10"]
[Round "8"]
[White "Rollot, Florence"]
[Black "Safranska, Anda"]
[Result "1-0"]
[WhiteElo "2039"]
[BlackElo "2211"]
[PlyCount "73"]
[EventDate "2018.06.09"]
[EventType "swiss (rapid)"]
[EventRounds "9"]
[EventCountry "FRA"]
[SourceTitle "CBM 184 Extra"]
[Source "ChessBase"]
[SourceDate "2018.06.28"]
[SourceVersion "1"]
[SourceVersionDate "2018.06.28"]
[SourceQuality "1"]

1. Nf3 g6 2. c4 Bg7 3. g3 Nf6 4. Bg2 0-0 5. 0-0 d6 6. Nc3 Nc6 7. Rb1 a5 8. d3 h6 9. a3 e5 10. h3 Be6 11. b4 axb4 12. axb4 Qc8 13. Kh2 Ne7 14. c5 Nfd5 15. Nxd5 Nxd5 16. Bd2 Qd7 17. Qc2 Rfc8 18. Rfc1 Kh7 19. e3 f5 20. d4 e4 21. Ng1 g5 22. f3 exf3 23. Nxf3 Kh8 24. Rf1 Rf8 25. Rbe1 Nf6 26. Ra1 Bd5 27. Bc3 Be4 28. Qe2 Nd5 29. Bd2 Rae8 30. Ra7 f4 31. gxf4 gxf4 32. Nh4 Rf6 33. Bxe4 Rxe4 34. Qg2 Qe6 35. Rg1 Rf7 36. Ng6+ Kh7 37. Nf8+ 1-0

[Event "BL2 Sued 1718 (Women)"]
[Site "Germany"]
[Date "2017.10.15"]
[Round "2.4"]
[White "Dirmeier, Carolin"]
[Black "Rollot, Florence"]
[Result "1/2-1/2"]
[WhiteElo "1968"]
[BlackElo "1910"]
[PlyCount "67"]
[EventDate "2017.10.14"]
[EventType "team-tourn"]
[EventRounds "7"]
[EventCountry "GER"]
[SourceTitle "EXT 2019"]
[Source "ChessBase"]
[SourceDate "2018.10.10"]
[SourceVersion "1"]
[SourceVersionDate "2018.10.10"]
[SourceQuality "1"]
[WhiteTeam "Muenchen Bayern (W)"]
[BlackTeam "Langen (W)"]
[WhiteTeamCountry "GER"]
[BlackTeamCountry "GER"]

1. e4 d5 2. exd5 Qxd5 3. Nc3 Qa5 4. d4 Nf6 5. Nf3 Bf5 6. Ne5 c6 7. g4 Be6 8. Nc4 Qc7 9. h3 Nbd7 10. Bg5 Nd5 11. Qd2 N7b6 12. Ne3 0-0-0 13. 0-0-0 g6 14. Ne4 Nxe3 15. fxe3 Nd7 16. c4 c5 17. d5 Ne5 18. Qc3 f6 19. Bf4 Bf7 20. Qa3 b6 21. Nc3 Be8 22. Bg2 h5 23. g5 Bg7 24. d6 exd6 25. Qa6+ Kb8 26. gxf6 Bh6 27. Bxe5 Bxe3+ 28. Kb1 Bc6 29. Bxc6 Qxc6 30. Nb5 dxe5 31. Qxa7+ Kc8 32. Qa6+ Kb8 33. Qa7+ Kc8 34. Qa6+ 1/2-1/2

[Event "BL2 Sued 1718 (Women)"]
[Site "Germany"]
[Date "2017.10.14"]
[Round "1.5"]
[White "Chaus, Maria"]
[Black "Rollot, Florence"]
[Result "0-1"]
[WhiteElo "1693"]
[BlackElo "1910"]
[PlyCount "92"]
[EventDate "2017.10.14"]
[EventType "team-tourn"]
[EventRounds "7"]
[EventCountry "GER"]
[SourceTitle "EXT 2019"]
[Source "ChessBase"]
[SourceDate "2018.10.10"]
[SourceVersion "1"]
[SourceVersionDate "2018.10.10"]
[SourceQuality "1"]
[WhiteTeam "Forstenried (W)"]
[BlackTeam "Langen (W)"]
[WhiteTeamCountry "GER"]
[BlackTeamCountry "GER"]

1. e4 d5 2. exd5 Qxd5 3. Nc3 Qa5 4. d4 Nf6 5. Nf3 Bf5 6. Bd3 Bxd3 7. Qxd3 Nc6 8. 0-0 h6 9. Bf4 0-0-0 10. a3 Qh5 11. Bg3 e6 12. b4 Bd6 13. b5 Ne7 14. Ne2 g5 15. Bxd6 Rxd6 16. Ng3 Qg6 17. Qb3 Nd7 18. c4 g4 19. Ne5 Nxe5 20. dxe5 Rd3 21. Qb4 Nf5 22. c5 Nd4 23. Qa5 Kb8 24. c6 Nb3 25. Qb4 Nxa1 26. Rxa1 Rhd8 27. Qc5 R3d5 28. Qe7 Rd1+ 29. Rxd1 Rxd1+ 30. Nf1 Qd3 31. Qe8+ Qd8 32. Qxd8+ Rxd8 33. g3 Rd5 34. Ne3 Rd4 35. Kg2 Re4 36. h3 gxh3+ 37. Kxh3 Rxe5 38. Ng4 Rxb5 39. cxb7 Kxb7 40. a4 Ra5 41. Kg2 h5 42. Nf6 Rxa4 43. Nxh5 a5 44. Nf6 Rd4 45. Kf3 a4 46. Ke3 a3 0-1

[Event "EU-ch U16 Girls 27th"]
[Site "Mamaia"]
[Date "2017.09.06"]
[Round "2"]
[White "Urbanc, Ana"]
[Black "Rollot, Florence"]
[Result "1/2-1/2"]
[WhiteElo "1693"]
[BlackElo "1877"]
[PlyCount "185"]
[EventDate "2017.09.05"]
[EventType "swiss"]
[EventRounds "9"]
[EventCountry "ROU"]
[SourceTitle "CBM 180 Extra"]
[Source "ChessBase"]
[SourceDate "2017.10.06"]
[SourceVersion "1"]
[SourceVersionDate "2017.10.06"]
[SourceQuality "1"]

1. e4 d5 2. exd5 Qxd5 3. Nc3 Qa5 4. Bc4 Nf6 5. d3 Bg4 6. f3 Bd7 7. Bd2 Qb6 8. Bb3 Be6 9. Bxe6 Qxe6+ 10. Qe2 Qd7 11. 0-0-0 Nc6 12. Nh3 0-0-0 13. Ng5 e6 14. Qf2 h6 15. Nge4 Nd5 16. Rhe1 Kb8 17. g4 Ncb4 18. a3 Nxc3 19. Nxc3 Nd5 20. Nxd5 Qxd5 21. Kb1 Qb5 22. Ka2 Rd6 23. Re4 Qd5+ 24. Ka1 Rd7 25. Bc3 Bc5 26. Qe2 Rg8 27. Re1 Qc6 28. Qd2 Rd5 29. f4 g6 30. Re5 Rgd8 31. R1e4 Qa6 32. Bb4 Qb6 33. Rxd5 Rxd5 34. Bxc5 Qxc5 35. Re1 Rd4 36. Qe3 Qd6 37. Rf1 b6 38. h3 Rd5 39. Re1 Qc6 40. Kb1 Qd6 41. Rf1 Rb5 42. Kc1 Rc5 43. Qe4 a5 44. Kd2 Rb5 45. Rb1 g5 46. c4 Rc5 47. b4 axb4 48. axb4 Rc6 49. fxg5 hxg5 50. b5 Rc5 51. Ra1 c6 52. Kc3 Qe5+ 53. Qxe5+ Rxe5 54. bxc6 f5 55. gxf5 exf5 56. Kd4 Rc5 57. Rg1 f4 58. Rg4 f3 59. Ke3 f2 60. Kxf2 Kc7 61. Re4 Kxc6 62. Re6+ Kc7 63. Kf3 b5 64. cxb5 Rxb5 65. Ke4 Kd7 66. Re5 Rb4+ 67. Kf3 Rh4 68. Rxg5 Rxh3+ 69. Ke4 Rh1 70. Kd5 Ra1 71. Rg7+ Kd8 72. d4 Ra6 73. Ke5 Rh6 74. d5 Ke8 75. Ra7 Kd8 76. Rf7 Ke8 77. Rb7 Kd8 78. Kd4 Kc8 79. Ra7 Kb8 80. Re7 Kc8 81. Kc5 Kd8 82. Rg7 Rf6 83. Rg8+ Kd7 84. Rg5 Rh6 85. d6 Rh1 86. Rg7+ Kd8 87. Kc6 Rc1+ 88. Kd5 Rd1+ 89. Ke6 Re1+ 90. Kf6 Rf1+ 91. Ke5 Re1+ 92. Kf6 Rf1+ 93. Ke6 1/2-1/2

[Event "FRA-ch U16 Girls"]
[Site "Belfort"]
[Date "2017.04.16"]
[Round "3.2"]
[White "Boulart, Emilie"]
[Black "Rollot, Florence"]
[Result "1-0"]
[WhiteElo "1636"]
[BlackElo "1973"]
[PlyCount "110"]
[EventDate "2017.04.16"]
[EventType "swiss"]
[EventRounds "9"]
[EventCountry "FRA"]
[SourceTitle "EXT 2019"]
[Source "ChessBase"]
[SourceDate "2018.10.10"]
[SourceVersion "1"]
[SourceVersionDate "2018.10.10"]
[SourceQuality "1"]

1. e4 c5 2. c3 d5 3. exd5 Qxd5 4. d4 Nf6 5. Nf3 Bg4 6. Be2 e6 7. Be3 cxd4 8. cxd4 Nc6 9. Nc3 Qd6 10. 0-0 Be7 11. h3 Bh5 12. Qb3 0-0 13. Rfd1 Rfd8 14. Rac1 Qb4 15. Qxb4 Nxb4 16. g4 Bg6 17. Ne5 Rac8 18. Bf3 Nfd5 19. a3 Nxc3 20. Rxc3 Rxc3 21. bxc3 Nc2 22. a4 Nxe3 23. fxe3 Bc2 24. Rd2 Bxa4 25. Bxb7 Rb8 26. Ra2 Rxb7 27. Rxa4 Bg5 28. Kf2 Rb2+ 29. Kf3 f6 30. Nc4 Rb3 31. Ra3 Rxa3 32. Nxa3 Kf7 33. c4 Ke7 34. Ke4 a6 35. c5 Kd7 36. Nc4 Kc6 37. Nb6 a5 38. Kd3 Kb5 39. e4 Bf4 40. Kc3 Bg3 41. Nc4 e5 42. Na3+ Kc6 43. Nc4 exd4+ 44. Kxd4 Bf2+ 45. Kc3 Kxc5 46. Na3 Be1+ 47. Kd3 a4 48. Nc2 Bb4 49. Na1 a3 50. Nb3+ Kb5 51. Na1 a2 52. Kc2 Kc4 53. Kb2 Bc3+ 54. Kxa2 Bxa1 55. Kxa1 Kd4 1-0